00374 2200157 4500001002100000008004100021035002000062245004000082260001400122300002200136084001400158082000800172650001200180990001200192990001200204INLIS000000000001103 ind  a0010-0722000652 aLegenda Keong EmascTira Ikranegara bDua Media a128c16,5 x 24 cm a398 TIR l a398 aFolklor aDI.1651 aDI.2035